000 00715cab a22002055a 4500
001 L153449
008 110729e20110807xxkado f s 000 0 eng d
035 _a(Sirsi) u153449
041 0 _aeng
245 0 0 _aMajor project report
_bUK Games, a year to go
260 _c2011
490 _aNew Civil Engineer Supplement
_vJuly 2011
505 _aBuilding the Games -- Olympic stadium -- Aquatics Centre -- Velodrome -- Creating the Park -- Other venues -- Public art -- Transport
520 _aPresents the finished venues for the 2012 Olympic Games in London.
590 _aKA
650 2 4 _aOLYMPIC GAMES 2012
651 4 _aUnited Kingdom
_y
690 _aBUILT ENVIRONMENT-CONSTRUCTION MANAGEMENT
942 _n0
999 _c83296
_d83296